Подробности
| 000 -МАРКЕР |
| контрольное поле |
02977nam0a2200421 4500 |
| 001 - ИДЕНТИФИКАТОР ЗАПИСИ |
| контрольное поле |
RU\NLR\BIBL_A\022212633 |
| 005 - ИДЕНТИФИКАТОР ВЕРСИИ |
| контрольное поле |
20260407084324.0 |
| 010 ## - МЕЖДУНАРОДНЫЙ СТАНДАРТНЫЙ НОМЕР КНИГИ (ISBN) |
| Номер (ISBN) |
978-5-90168-854-0 |
| Тираж |
110 |
| 035 ## - ДРУГИЕ СИСТЕМНЫЕ НОМЕРА |
| Идентификатор записи |
(NLR Aleph) 022212633 |
| 100 ## - ДАННЫЕ ОБЩЕЙ ОБРАБОТКИ |
| Данные общей обработки |
20240503d2024 |||y0rusy50 ca |
| 101 0# - ЯЗЫК РЕСУРСА |
| Язык текста, звукозаписи и т.д. |
русский |
| 102 ## - СТРАНА ПУБЛИКАЦИИ ИЛИ ПРОИЗВОДСТВА |
| Страна публикации |
российская федерация |
| 105 ## - ПОЛЕ КОДИРОВАННЫХ ДАННЫХ: ТЕКСТОВЫЕ МАТЕРИАЛЫ, МОНОГРАФИЧЕСКИЕ |
| Кодированные данные о монографическом текстовом документе |
a|||z|||100yy |
| 181 #0 - ПОЛЕ КОДИРОВАННЫХ ДАННЫХ: ВИД СОДЕРЖАНИЯ |
| Код вида содержания (ISBD) |
i |
| Код характеристики содержания (ISBD) |
axxe |
| 182 #0 - ПОЛЕ КОДИРОВАННЫХ ДАННЫХ: ТИП СРЕДСТВА |
| Код типа средства (ISBD) |
n - непосредственное |
| 200 1# - ЗАГЛАВИЕ И СВЕДЕНИЯ ОБ ОТВЕТСТВЕННОСТИ |
| Основное заглавие |
Кузнецовские чтения-2024. Седьмой семинар по проблемам химического осаждения из газовой фазы, 5-7 февраля 2024 года |
| Сведения, относящиеся к заглавию |
программа и сборник тезисов докладов |
| Первые сведения об ответственности |
Сибирское отделение Российской академии наук, Институт неорганической химии им. А. В. Николаева СО РАН, Новосибирск, Научный совет РАН по неорганической химии |
| 203 ## - ВИД СОДЕРЖАНИЯ И ТИП СРЕДСТВА |
| Вид содержания |
Текст |
| Дополнительные сведения об издании |
визуальный |
| Тип средства |
непосредственный |
| 210 ## - ПУБЛИКАЦИЯ, РАСПРОСТРАНЕНИЕ И ДР. |
| Место издания, распространения и т.д. |
Новосибирск |
| Имя издателя, распространителя и т. д. |
ИНХ СО РАН |
| Дата издания, распространения и т.д. |
2024 |
| 215 ## - ФИЗИЧЕСКАЯ ХАРАКТЕРИСТИКА |
| Специфическое обозначение материала и объем |
85 с. |
| Другие сведения о физической характеристике |
ил. |
| Размеры |
30 |
| 300 ## - ОБЩИЕ ПРИМЕЧАНИЯ |
| Текст примечания |
В макете загл.: Программа и тезисы докладов "Седьмого семинара по проблемам химического осаждения из газовой фазы" |
| 320 ## - ПРИМЕЧАНИЯ О НАЛИЧИИ В ДОКУМЕНТЕ БИБЛИОГРАФИИ / УКАЗАТЕЛЯ |
| Текст примечания |
Библиогр. в конце ст. |
| 517 1# - ДРУГИЕ ВАРИАНТЫ ЗАГЛАВИЯ |
| Вариант заглавия |
Программа и тезисы докладов "Седьмого семинара по проблемам химического осаждения из газовой фазы" |
| 606 1# - НАИМЕНОВАНИЕ ТЕМЫ КАК ПРЕДМЕТ |
| Наименование темы |
Осаждение из растворов |
| Формальный подзаголовок |
Тезисы докладов |
| Системный номер авторитетной/нормативной записи |
1116357 |
| Идентификатор авторитетной/нормативной записи |
RU\NLR\AUTH\66121999 |
| 606 1# - НАИМЕНОВАНИЕ ТЕМЫ КАК ПРЕДМЕТ |
| Наименование темы |
Тонкие пленки |
| Формальный подзаголовок |
Тезисы докладов |
| Тематический подзаголовок |
Осаждение из газовой фазы |
| Системный номер авторитетной/нормативной записи |
1850870 |
| Идентификатор авторитетной/нормативной записи |
RU\NLR\AUTH\661129986 |
| 606 1# - НАИМЕНОВАНИЕ ТЕМЫ КАК ПРЕДМЕТ |
| Наименование темы |
Защитные покрытия |
| Формальный подзаголовок |
Тезисы докладов |
| Тематический подзаголовок |
Осаждение из газовой фазы |
| Системный номер авторитетной/нормативной записи |
2143250 |
| Идентификатор авторитетной/нормативной записи |
RU\NLR\AUTH\661291529 |
| 686 1# - ИНДЕКСЫ ДРУГИХ КЛАССИФИКАЦИЙ |
| Индекс |
Г562.138я431 |
| 686 1# - ИНДЕКСЫ ДРУГИХ КЛАССИФИКАЦИЙ |
| Индекс |
З844.13-060.7я431 |
| 686 1# - ИНДЕКСЫ ДРУГИХ КЛАССИФИКАЦИЙ |
| Индекс |
З843.08я431 |
| 686 1# - ИНДЕКСЫ ДРУГИХ КЛАССИФИКАЦИЙ |
| Индекс |
К663.086.2я431 |
| 711 12 - НАИМЕНОВАНИЕ ОРГАНИЗАЦИИ - АЛЬТЕРНАТИВНАЯ ОТВЕТСТВЕННОСТЬ |
| Начальный элемент ввода |
Семинар по проблемам химического осаждения из газовой фазы |
| Порядковый номер временной организации и / или порядковый номер ее части |
7 |
| Место проведения временной организации |
Новосибирск |
| Дата проведения временной организации |
2024 |
| Системный номер авторитетной/нормативной записи |
881647 |
| Идентификатор авторитетной/нормативной записи |
RU\NLR\AUTH\880609796 |
| 711 12 - НАИМЕНОВАНИЕ ОРГАНИЗАЦИИ - АЛЬТЕРНАТИВНАЯ ОТВЕТСТВЕННОСТЬ |
| Начальный элемент ввода |
Кузнецовские чтения |
| Место проведения временной организации |
Новосибирск |
| Дата проведения временной организации |
2024 |
| Системный номер авторитетной/нормативной записи |
881648 |
| Идентификатор авторитетной/нормативной записи |
RU\NLR\AUTH\880609797 |
| 712 02 - НАИМЕНОВАНИЕ ОРГАНИЗАЦИИ - ВТОРИЧНАЯ ОТВЕТСТВЕННОСТЬ |
| Код отношения |
Организатор конференции |
| Начальный элемент ввода |
Институт неорганической химии им. А. В. Николаева |
| Идентифицирующий признак |
Новосибирск |
| Идентификатор авторитетной/нормативной записи |
RU\NLR\AUTH\8810045321 |
| Системный номер авторитетной/нормативной записи |
590095 |
| 942 ## - ДОПОЛНИТЕЛЬНЫЕ ЭЛЕМЕНТЫ ЗАПИСИ (АБИС) |
| Тип экземпляра АБИС |
Книга |
| 980 ## - КОЛЛЕКЦИЯ |
| Название коллекции |
Национальная библиография |